Tablas mineralogicas dispuestas segun los descubrimientos mas recientes é ilustradas por D.L.G. Karsten tercera edicion alemana de 1800 traducida al castellano para el uso del Real Seminario de Minerìa por Don Andres Manuel del Rio

Detalles Bibliográficos
Autor principal: Karsten, Dietrich Luis Gustavo (1768-1810)
Formato: Libro
Lenguaje:Undetermined
Spanish
Publicado: Mexico : por Don Mariano Joseph de Zúñiga y Ontiveros, 1804.
Materias:
Colección:Banco de datos
Acervo:Biblioteca Palafoxiana. Colección bibliográfica
Descripción Física:[12], 96, [6] p. ; f°
Tema general:Historia natural
Notas:Número de localización: 26657
LEADER 00760nam a2200169Ia 4500
008 150723s9999 xx 000 0 und d
041 0 |a spa 
050 0 |a PAFX QH302 K3 
100 1 |a Karsten, Dietrich Luis Gustavo (1768-1810) 
245 1 0 |a Tablas mineralogicas dispuestas segun los descubrimientos mas recientes é ilustradas por D.L.G. Karsten tercera edicion alemana de 1800 traducida al castellano para el uso del Real Seminario de Minerìa por Don Andres Manuel del Rio 
260 |a Mexico : por Don Mariano Joseph de Zúñiga y Ontiveros, 1804. 
300 |a [12], 96, [6] p. ; f° 
500 |a Número de localización: 26657 
650 1 0 |a Historia natural 
942 |c PALALIB 
943 |g Biblioteca Palafoxiana. Colección bibliográfica 
999 |c 1052765  |d 1052765